00834 a2200205 4500010001400000020002300014035001300037037001500050082001100065111007200076245025200148260003700400270002600437300002800463490005100491500002000542650002400562700002200586700002000608 aENG-89052 a8124603502c550.0014aEN-725851 bDBAD / PUB a181.45 aInternational Congress of VedantacVisakhapatnam, Indiad2005n15th aStudies in Vedanta:essays in honour of Professor S.S. Rama Rao Pappu: proceedings of the fifteenth International Congress of Vedanta held at Andhra University, Visakhapatnam during 3-6 January 2005/cedited by P. George Victor [and] V.V.S. Saibaba aNew DelhibD.K. Printworldc2006 mdkprintworld@vsnl.net axxi, 330p.c23 cm ( Hb) aAndhra University philosophical studies; no.5) aIncludes index aVendanta-Congresses aVictor, P. George aSaibaba, V.V.S.